Normal view
MARC view
Entry Topical Term
001 - CONTROL NUMBER
- control field: 725477
003 - CONTROL NUMBER IDENTIFIER
- control field: OSt
005 - DATE AND TIME OF LATEST TRANSACTION
- control field: 20241128112854.0
008 - FIXED-LENGTH DATA ELEMENTS
- fixed length control field: 241128|| aca||aabn | a|a d
040 ## - CATALOGING SOURCE
- Original cataloging agency: OSt
- Transcribing agency: OSt
150 ## - HEADING--TOPICAL TERM
- Topical term or geographic name entry element: City Planning- Delhi
670 ## - SOURCE DATA FOUND
- Source citation: Work cat.: (OSt)1219686: Sadana Rashmi , Moving city: Scenes from the Delhi Metro and the social life of infrastructure, 2022
